LEADER 00743nam0 2200241 450 001 000020641 005 20081216144057.0 100 $a20081216d1876----km-y0itay50------ba 101 1 $aita$ceng 102 $aIT 105 $aa-------001yy 200 1 $aElementi di meccanica$econ molti esempi$fdi I. Todhunter$gversione dall'inglese con aggiunte e note di Vito Eugenio 210 $aNapoli$cMarghieri$d1876 215 $a455 p.$cill.$d20 cm 610 1 $aMeccanica 676 $a531.1$v19 700 1$aTodhunter,$bIsaac$0477775 702 1$aEugenio,$bVito 801 0$aIT$bUNIPARTHENOPE$c20081216$gRICA$2UNIMARC 912 $a000020641 951 $aA531.1 /1$b657$cNAVA1$d2008 996 $aElementi di meccanica$91212092 997 $aUNIPARTHENOPE LEADER 01018nam0 22002411i 450 001 UON00028577 005 20231205102050.228 100 $a20020107d1976 |0itac50 ba 101 $atur 102 $aTR 105 $a|||| 1|||| 200 1 $a1960-1975 Doneminde Cumhuriyet Halk Partisinde Gelismeler$fSuna Kili. - Istanbul$eBogazici Univ. Yayinlari, 1976 xv,521 p. ; 24 cm 606 $aTurchia$xStoria$xSec. 20.$3UONC001276$2FI 620 $aTR$dIstanbul$3UONL000077 686 $aTUR IV$cTURCHIA - STORIA$2A 700 1$aKILI$bSuna$3UONV018951$0644002 712 $aBog?azic?i Üniversitesi Yay?nevi$3UONV250684$4650 801 $aIT$bSOL$c20250919$gRICA 899 $aSIBA - SISTEMA BIBLIOTECARIO DI ATENEO$2UONSI 912 $aUON00028577 950 $aSIBA - SISTEMA BIBLIOTECARIO DI ATENEO$dSI TUR IV 001 $eSI SA 5475 5 001 996 $a1960-1975 Doneminde Cumhuriyet Halk Partisinde Gelismeler$91187589 997 $aUNIOR LEADER 01731nam0 22003731i 450 001 UON00528369 005 20251121120244.634 010 $a978-05-216-8972-4 100 $a20250429d2013 |0itac50 ba 101 $aeng 102 $aGB 105 $a|||| ||||| 200 1 $aˆAn ‰Environmental history of Russia$fPaul Josephson, ... [et al.] 210 $aCambridge$cCambridge University Press$d2013 215 $a340 p.$cill.$d23 cm 410 1$1001UON00175862$12001 $a Studies in environment and history$fD. Worster$gA. Crosby (eds) 606 $aAsia centrale$xPolitica ambientale$xEcologia$3UONC105285$2FI 606 $aAsia centrale$xSociologia$3UONC014381$2FI 620 $dCambridge$3UONL000022 686 $aAC XIII$cAsia Centrale - Sociologia, Ecologia, Politica ambientale$2A 702 1$aCherp$bAleh$3UONV298069 702 1$aDronin$bNicolai$3UONV298068 702 1$aEfremenko$bDmitry$3UONV298071 702 1$aJosephson$bPaul R.$3UONV133731 702 1$aLarin$bVladislav$3UONV298072 702 1$aMnatsakanian$bRuben$3UONV298070 712 $aCambridge University Press$3UONV245943$4650 801 $aIT$bSOL$c20251205$gRICA 899 $aSIBA - SISTEMA BIBLIOTECARIO DI ATENEO E ARCHIVIO STORICO$2UONSI 912 $aUON00528369 950 $aSIBA - SISTEMA BIBLIOTECARIO DI ATENEO E ARCHIVIO STORICO$dSI AC XIII 027 N $eSI 53112 5 027 N 951 $aSIBA - SISTEMA BIBLIOTECARIO DI ATENEO E ARCHIVIO STORICO$bSI2025131 1J 20250429D.D.T. n. 196 del 18/9/2025. 996 $aEnvironmental History of Russia$94371018 997 $aUNIOR